00434nam a2200181Ia 4500008004100000020001400041050001400055100001400069245002500083245004500108260001500153260001600168260000900184300001400193300002700207300001000234500000800244170918s9999 xx 000 0 und d a590623834 bH181 1996 aHall, Zoe 4aThe apple pie tree / cZoe Hall ; illustrated by Shari Halpern. aNew York : bScholastic, c1996 aunpaged : bcolored illustration ; c28cm. a480